[Event "VII Obert Internacional Alberic"]
[Site "Alberic, Spain"]
[Date "2019.06.29"]
[Round "2.7"]
[White "Kovacevic, Slobodan"]
[Black "Martinez Gil, Joaquin"]
[Result "1-0"]
[WhiteElo "2243"]
[BlackElo "1894"]
[PlyCount "94"]
[EventDate "2019.??.??"]

1. d4 {[%clk 00:07:03]  [%emt 00:25:40]} 1... Nf6 {
[%clk 00:07:03]  [%emt 00:00:10]} 2. Nf3 {[%clk 00:07:03]} 2... g6 {
[%clk 00:07:03]} 3. Bg5 {[%clk 00:07:03]  [%emt 00:00:03]} 3... Bg7 {
[%clk 00:07:03]} 4. Nbd2 {[%clk 00:07:03]  [%emt 00:00:04]} 4... O-O {
[%clk 00:07:03]  [%emt 00:00:03]} 5. c3 {[%clk 00:07:03]} 5... b6 {
[%clk 00:07:03]  [%emt 00:00:04]} 6. e4 {[%clk 00:07:03]} 6... d6 {
[%clk 00:07:03]  [%emt 00:00:03]} 7. Bd3 {[%clk 00:07:03]} 7... Bb7 {
[%clk 00:07:03]} 8. O-O {[%clk 00:07:03]  [%emt 00:00:12]} 8... Nbd7 {
[%clk 00:07:02]  [%emt 00:00:07]} 9. Re1 {[%clk 00:07:02]  [%emt 00:00:06]}
9... Re8 {[%clk 00:06:58]  [%emt 00:00:03]} 10. Qc2 {
[%clk 00:07:01]  [%emt 00:00:19]} 10... e5 {[%clk 00:06:46]} 11. dxe5 {
[%clk 00:07:01]  [%emt 00:00:12]} 11... dxe5 {[%clk 00:06:36]  [%emt 00:00:08]}
12. b4 {[%clk 00:06:58]  [%emt 00:00:03]} 12... c5 {
[%clk 00:06:15]  [%emt 00:00:22]} 13. b5 {[%clk 00:06:59]  [%emt 00:00:35]}
13... Qc7 {[%clk 00:06:04]  [%emt 00:00:04]} 14. Nc4 {[%clk 00:06:50]} 14... a6
{[%clk 00:05:40]  [%emt 00:00:18]} 15. a4 {[%clk 00:06:51]  [%emt 00:00:27]}
15... axb5 {[%clk 00:05:39]} 16. axb5 {[%clk 00:06:53]} 16... Rxa1 {
[%clk 00:05:15]  [%emt 00:00:06]} 17. Rxa1 {[%clk 00:06:54]  [%emt 00:00:03]}
17... Ra8 {[%clk 00:04:52]  [%emt 00:00:23]} 18. Rxa8+ {
[%clk 00:06:56]  [%emt 00:00:35]} 18... Bxa8 {[%clk 00:04:54]} 19. Qa2 {
[%clk 00:06:51]} 19... Qb8 {[%clk 00:04:27]  [%emt 00:00:19]} 20. Ncxe5 {
[%clk 00:06:10]  [%emt 00:00:31]} 20... Nxe5 {[%clk 00:03:33]  [%emt 00:01:27]}
21. Nxe5 {[%clk 00:06:12]} 21... Qxe5 {[%clk 00:03:18]} 22. Qxa8+ {
[%clk 00:06:14]} 22... Bf8 {[%clk 00:03:19]} 23. Bh6 {
[%clk 00:05:53]  [%emt 00:00:20]} 23... Qe7 {[%clk 00:03:10]  [%emt 00:00:09]}
24. g3 {[%clk 00:05:38]  [%emt 00:00:37]} 24... Ng4 {[%clk 00:03:07]} 25. Bxf8
{[%clk 00:05:18]  [%emt 00:00:23]} 25... Qxf8 {[%clk 00:03:08]} 26. Qxf8+ {
[%clk 00:05:10]  [%emt 00:00:11]} 26... Kxf8 {[%clk 00:03:10]} 27. h3 {
[%clk 00:05:07]} 27... Ne5 {[%clk 00:03:12]} 28. Be2 {[%clk 00:05:09]} 28...
Ke7 {[%clk 00:03:12]} 29. f4 {[%clk 00:05:09]  [%emt 00:00:09]} 29... Nd7 {
[%clk 00:03:09]  [%emt 00:00:04]} 30. Kf2 {[%clk 00:05:11]} 30... f6 {
[%clk 00:03:02]  [%emt 00:00:11]} 31. Ke3 {[%clk 00:05:12]  [%emt 00:00:10]}
31... Kd6 {[%clk 00:03:01]  [%emt 00:00:03]} 32. Bc4 {[%clk 00:05:13]} 32... h6
{[%clk 00:02:52]  [%emt 00:00:12]} 33. Kf3 {[%clk 00:05:10]} 33... Nf8 {
[%clk 00:02:36]  [%emt 00:00:17]} 34. h4 {[%clk 00:04:58]  [%emt 00:00:15]}
34... Nd7 {[%clk 00:02:29]  [%emt 00:00:43]} 35. Bf7 {[%clk 00:04:56]} 35...
Nf8 {[%clk 00:02:31]} 36. Be8 {[%clk 00:04:44]  [%emt 00:00:08]} 36... Ke7 {
[%clk 00:01:52]  [%emt 00:00:21]} 37. Bc6 {[%clk 00:04:44]  [%emt 00:00:22]}
37... Kd6 {[%clk 00:01:54]} 38. Kg4 {[%clk 00:04:43]} 38... Ne6 {
[%clk 00:01:29]  [%emt 00:00:18]} 39. Be8 {[%clk 00:04:38]  [%emt 00:00:05]}
39... Nf8 {[%clk 00:01:21]  [%emt 00:00:21]} 40. Bxg6 {
[%clk 00:04:14]  [%emt 00:00:20]} 40... Nxg6 {[%clk 00:01:22]  [%emt 00:00:03]}
41. Kf5 {[%clk 00:04:17]} 41... Nf8 {[%clk 00:00:31]  [%emt 00:00:50]} 42. Kxf6
{[%clk 00:04:16]  [%emt 00:00:38]} 42... c4 {[%clk 00:00:31]} 43. e5+ {
[%clk 00:04:13]} 43... Kd5 {[%clk 00:00:30]} 44. e6 {[%clk 00:04:02]} 44...
Nxe6 {[%clk 00:00:14]  [%emt 00:00:12]} 45. f5 {
[%clk 00:04:04]  [%emt 00:00:14]} 45... Nc5 {[%clk 00:00:11]} 46. g4 {
[%clk 00:04:00]  [%emt 00:00:11]} 46... Ne4+ {[%clk 00:00:07]} 47. Kg6 {
[%emt 00:00:40]} 47... Ke5 {[%emt 00:00:15]} 1-0

[Event "VII Obert Internacional Alberic"]
[Site "Alberic, Spain"]
[Date "2019.06.29"]
[Round "2.8"]
[White "Asins Munoz, Miquel"]
[Black "Martinez Tormo, Jorge"]
[Result "0-1"]
[WhiteElo "1688"]
[BlackElo "2119"]
[PlyCount "54"]
[EventDate "2019.??.??"]

1. c4 {[%clk 00:07:01]  [%emt 00:00:14]} 1... e5 {
[%clk 00:07:05]  [%emt 00:00:05]} 2. e4 {[%clk 00:07:02]} 2... Nc6 {
[%clk 00:07:05]} 3. Nc3 {[%clk 00:07:03]} 3... g6 {[%clk 00:07:07]} 4. g3 {
[%clk 00:07:04]  [%emt 00:00:04]} 4... Bg7 {[%clk 00:07:09]} 5. Bg2 {
[%clk 00:07:06]} 5... Nge7 {[%clk 00:07:11]  [%emt 00:00:04]} 6. Nge2 {
[%clk 00:07:07]} 6... O-O {[%clk 00:07:06]  [%emt 00:00:04]} 7. O-O {
[%clk 00:07:07]  [%emt 00:00:08]} 7... d6 {[%clk 00:07:05]  [%emt 00:00:04]} 8.
h3 {[%clk 00:07:07]} 8... f5 {[%clk 00:07:03]  [%emt 00:00:08]} 9. f4 {
[%clk 00:07:05]  [%emt 00:00:04]} 9... Nd4 {[%clk 00:06:52]  [%emt 00:00:12]}
10. d3 {[%clk 00:06:59]  [%emt 00:00:09]} 10... c6 {
[%clk 00:06:51]  [%emt 00:00:10]} 11. Kh2 {[%clk 00:06:55]} 11... Be6 {
[%clk 00:06:50]  [%emt 00:00:12]} 12. Be3 {[%clk 00:06:21]  [%emt 00:00:31]}
12... Qd7 {[%clk 00:06:48]  [%emt 00:00:09]} 13. Rb1 {
[%clk 00:06:06]  [%emt 00:00:11]} 13... Rad8 {[%clk 00:06:24]  [%emt 00:00:27]}
14. b4 {[%clk 00:05:14]  [%emt 00:00:55]} 14... b6 {
[%clk 00:06:26]  [%emt 00:00:24]} 15. a3 {[%clk 00:04:53]  [%emt 00:00:07]}
15... Nxe2 {[%clk 00:04:57]  [%emt 00:01:26]} 16. Nxe2 {
[%clk 00:04:46]  [%emt 00:00:27]} 16... fxe4 {[%clk 00:04:56]  [%emt 00:00:07]}
17. Bxe4 {[%clk 00:04:20]  [%emt 00:00:09]} 17... Bxh3 {
[%clk 00:04:53]  [%emt 00:00:38]} 18. Bg2 {[%clk 00:03:52]  [%emt 00:00:07]}
18... Bxg2 {[%clk 00:04:50]  [%emt 00:00:16]} 19. Kxg2 {[%clk 00:03:53]} 19...
Nf5 {[%clk 00:04:46]  [%emt 00:00:04]} 20. Bf2 {
[%clk 00:03:40]  [%emt 00:00:06]} 20... d5 {[%clk 00:04:43]  [%emt 00:00:08]}
21. fxe5 {[%clk 00:03:03]  [%emt 00:00:35]} 21... Bxe5 {
[%clk 00:04:41]  [%emt 00:00:42]} 22. d4 {[%clk 00:03:05]} 22... Bc7 {
[%clk 00:04:26]} 23. c5 {[%clk 00:03:01]} 23... Rde8 {
[%clk 00:04:15]  [%emt 00:00:10]} 24. Ng1 {[%clk 00:02:14]  [%emt 00:00:43]}
24... Bxg3 {[%clk 00:04:12]  [%emt 00:00:15]} 25. Nf3 {
[%clk 00:01:26]  [%emt 00:00:43]} 25... Bxf2 {[%clk 00:04:12]  [%emt 00:00:19]}
26. Kxf2 {[%clk 00:01:25]} 26... Ne3 {[%clk 00:04:14]} 27. Qe2 {
[%clk 00:01:09]  [%emt 00:00:11]} 27... Ng4+ {[%clk 00:04:14]  [%emt 00:00:08]}
0-1

[Event "VII Obert Internacional Alberic"]
[Site "Alberic, Spain"]
[Date "2019.06.29"]
[Round "3.1"]
[White "Cruz Lledo, Pablo"]
[Black "Garcia, Jhoel"]
[Result "1/2-1/2"]
[WhiteElo "2442"]
[BlackElo "2290"]
[PlyCount "125"]
[EventDate "2019.??.??"]

1. d4 {[%clk 00:07:04]  [%emt 00:00:03]} 1... Nf6 {[%clk 00:07:03]} 2. c4 {
[%clk 00:07:06]} 2... g6 {[%clk 00:06:53]  [%emt 00:00:36]} 3. Nc3 {
[%clk 00:07:08]} 3... Bg7 {[%clk 00:06:52]  [%emt 00:00:08]} 4. e4 {
[%clk 00:07:09]} 4... d6 {[%clk 00:06:51]} 5. Nge2 {[%clk 00:07:06]} 5... O-O {
[%clk 00:06:49]} 6. g3 {[%clk 00:07:08]} 6... e5 {
[%clk 00:05:56]  [%emt 00:00:47]} 7. Bg2 {[%clk 00:07:09]  [%emt 00:00:36]}
7... Nbd7 {[%clk 00:04:40]  [%emt 00:00:44]} 8. O-O {
[%clk 00:07:08]  [%emt 00:00:09]} 8... c6 {[%clk 00:04:18]  [%emt 00:00:20]} 9.
h3 {[%clk 00:07:00]  [%emt 00:00:31]} 9... Re8 {[%clk 00:04:20]} 10. d5 {
[%clk 00:06:57]  [%emt 00:00:11]} 10... Nc5 {[%clk 00:03:57]  [%emt 00:00:05]}
11. b4 {[%clk 00:06:49]  [%emt 00:00:08]} 11... Na6 {
[%clk 00:02:59]  [%emt 00:01:00]} 12. Rb1 {[%clk 00:06:51]  [%emt 00:00:32]}
12... cxd5 {[%clk 00:03:00]} 13. cxd5 {[%clk 00:06:46]  [%emt 00:00:03]} 13...
Nd7 {[%clk 00:02:24]  [%emt 00:00:15]} 14. Be3 {
[%clk 00:06:35]  [%emt 00:00:14]} 14... Nb6 {[%clk 00:02:14]  [%emt 00:00:36]}
15. Qb3 {[%clk 00:04:24]  [%emt 00:01:51]} 15... Bd7 {
[%clk 00:02:16]  [%emt 00:00:07]} 16. a4 {[%clk 00:04:18]  [%emt 00:00:06]}
16... Rc8 {[%clk 00:02:08]  [%emt 00:00:12]} 17. Rfd1 {
[%clk 00:03:29]  [%emt 00:00:47]} 17... f5 {[%clk 00:00:51]  [%emt 00:01:52]}
18. a5 {[%clk 00:03:23]} 18... f4 {[%clk 00:00:51]} 19. gxf4 {
[%clk 00:02:21]  [%emt 00:00:46]} 19... exf4 {[%clk 00:00:53]  [%emt 00:00:20]}
20. Bxf4 {[%clk 00:01:57]  [%emt 00:00:08]} 20... Nc4 {
[%clk 00:00:48]  [%emt 00:00:30]} 21. Bg3 {[%clk 00:01:23]  [%emt 00:00:20]}
21... b5 {[%clk 00:00:49]  [%emt 00:00:03]} 22. Nd4 {
[%clk 00:00:57]  [%emt 00:00:43]} 22... Nc7 {[%clk 00:00:30]  [%emt 00:00:06]}
23. Nc6 {[%clk 00:00:24]  [%emt 00:00:32]} 23... Qg5 {
[%clk 00:00:23]  [%emt 00:00:10]} 24. h4 {[%clk 00:00:18]  [%emt 00:00:23]}
24... Qf6 {[%clk 00:00:21]} 25. e5 {[%clk 00:00:21]} 25... Qf5 {
[%clk 00:00:12]  [%emt 00:00:23]} 26. e6 {[%clk 00:00:16]} 26... Bxc6 {
[%clk 00:00:12]} 27. dxc6 {[%clk 00:00:18]} 27... Bxc3 {
[%clk 00:00:10]  [%emt 00:00:03]} 28. Qxc3 {[%clk 00:00:17]} 28... d5 {
[%clk 00:00:12]  [%emt 00:00:04]} 29. h5 {[%clk 00:00:09]  [%emt 00:00:06]}
29... Nxe6 {[%clk 00:00:11]  [%emt 00:00:12]} 30. hxg6 {[%clk 00:00:11]} 30...
Qxg6 {[%clk 00:00:11]  [%emt 00:00:03]} 31. Bxd5 {[%clk 00:00:11]} 31... h5 {
[%clk 00:00:05]  [%emt 00:00:05]} 32. Re1 {[%clk 00:00:09]  [%emt 00:00:11]}
32... h4 {[%clk 00:00:05]} 33. Rxe6 {[%clk 00:00:11]  [%emt 00:00:06]} 33...
Rxe6 {[%clk 00:00:07]} 34. Bxe6+ {[%clk 00:00:13]} 34... Qxe6 35. Bxh4 {
[%clk 00:00:12]  [%emt 00:00:04]} 35... Qg6+ {[%clk 00:00:12]} 36. Qg3 {
[%clk 00:00:14]} 36... Rxc6 {[%clk 00:00:12]  [%emt 00:00:03]} 37. Rd1 {
[%clk 00:00:10]  [%emt 00:00:06]} 37... Qxg3+ {[%clk 00:00:12]  [%emt 00:00:10]
} 38. Bxg3 {[%clk 00:00:11]  [%emt 00:00:06]} 38... a6 {[%clk 00:00:11]} 39.
Rd7 {[%clk 00:00:10]} 39... Na3 {[%clk 00:00:07]  [%emt 00:00:05]} 40. Bd6 {
[%clk 00:00:09]  [%emt 00:00:09]} 40... Nc2 {[%clk 00:00:08]} 41. Bc5 {
[%clk 00:00:10]} 41... Na3 {[%clk 00:00:10]} 42. f4 {
[%clk 00:00:07]  [%emt 00:00:15]} 42... Nc4 {[%clk 00:00:08]  [%emt 00:00:04]}
43. Kf2 {[%clk 00:00:09]} 43... Nxa5 {[%clk 00:00:09]} 44. bxa5 {
[%emt 00:00:04]} 44... Rxc5 {[%clk 00:00:11]} 45. Ra7 {[%clk 00:00:09]} 45...
Rc6 {[%clk 00:00:10]  [%emt 00:00:15]} 46. Ke3 {[%clk 00:00:10]} 46... b4 {
[%clk 00:00:09]} 47. Kd4 {[%clk 00:00:08]  [%emt 00:00:04]} 47... Rf6 {
[%clk 00:00:05]  [%emt 00:00:03]} 48. Ke5 {[%clk 00:00:10]} 48... Rc6 {
[%clk 00:00:07]} 49. Rb7 {[%clk 00:00:06]  [%emt 00:00:06]} 49... Rc5+ {
[%clk 00:00:09]  [%emt 00:00:04]} 50. Kf6 {[%clk 00:00:06]} 50... Rxa5 {
[%emt 00:00:12]} 51. Rxb4 {[%clk 00:00:05]} 51... Rb5 {[%clk 00:00:08]} 52. Rc4
{[%clk 00:00:06]} 52... Rb6+ {[%clk 00:00:10]  [%emt 00:00:03]} 53. Kg5 {
[%clk 00:00:08]} 53... Kf7 {[%clk 00:00:12]} 54. Rc7+ {
[%clk 00:00:10]  [%emt 00:00:04]} 54... Ke6 {[%clk 00:00:14]} 55. f5+ {
[%clk 00:00:11]  [%emt 00:00:04]} 55... Kd6 {[%clk 00:00:12]  [%emt 00:00:06]}
56. Ra7 {[%clk 00:00:12]} 56... Ke5 {[%clk 00:00:06]  [%emt 00:00:10]} 57. f6 {
[%clk 00:00:11]} 57... Rxf6 {[%clk 00:00:07]  [%emt 00:00:03]} 58. Re7+ {
[%clk 00:00:07]  [%emt 00:00:04]} 58... Re6 {[%clk 00:00:08]  [%emt 00:00:11]}
59. Rxe6+ {[%clk 00:00:07]  [%emt 00:00:13]} 59... Kxe6 {[%clk 00:00:10]} 60.
Kf4 {[%clk 00:00:09]} 60... Kd5 {[%clk 00:00:13]} 61. Ke3 Kc4 62. Kd2 {
[%clk 00:00:14]} 62... Kb3 63. Kc1 1/2-1/2

[Event "VII Obert Internacional Alberic"]
[Site "Alberic, Spain"]
[Date "2019.06.29"]
[Round "3.2"]
[White "Martinez Tormo, Jorge"]
[Black "Plaskett, H James"]
[Result "0-1"]
[WhiteElo "2119"]
[BlackElo "2417"]
[PlyCount "48"]
[EventDate "2019.??.??"]

1. e4 {[%clk 00:07:05]  [%emt 00:01:00]} 1... c6 {[%clk 00:07:02]} 2. d4 {
[%clk 00:07:06]} 2... d5 {[%clk 00:07:04]} 3. e5 {[%clk 00:07:09]} 3... Bf5 {
[%clk 00:07:06]} 4. Nf3 {[%clk 00:07:11]} 4... e6 {
[%clk 00:07:06]  [%emt 00:04:50]} 5. Be2 {[%clk 00:07:13]} 5... Ne7 {
[%clk 00:07:00]} 6. O-O {[%clk 00:07:13]} 6... h6 {[%clk 00:06:54]} 7. c3 {
[%clk 00:07:07]  [%emt 00:00:05]} 7... Nd7 {[%clk 00:06:45]} 8. b4 {
[%clk 00:07:06]} 8... a5 {[%clk 00:06:42]} 9. b5 {[%clk 00:06:38]} 9... c5 {
[%clk 00:06:40]} 10. a4 {[%clk 00:06:39]} 10... Rc8 {
[%clk 00:06:30]  [%emt 00:00:04]} 11. h3 {[%clk 00:05:42]} 11... Ng6 {
[%clk 00:05:44]} 12. Na3 {[%clk 00:05:03]} 12... Be7 {[%clk 00:04:16]} 13. g4 {
[%clk 00:04:50]  [%emt 00:00:04]} 13... Be4 {[%clk 00:04:14]  [%emt 00:00:04]}
14. Ne1 {[%clk 00:04:52]} 14... cxd4 {[%clk 00:03:49]  [%emt 00:00:27]} 15.
cxd4 {[%clk 00:04:45]  [%emt 00:00:10]} 15... Nh4 {
[%clk 00:03:19]  [%emt 00:00:36]} 16. f3 {[%clk 00:04:34]  [%emt 00:00:11]}
16... Bg6 {[%clk 00:03:14]  [%emt 00:00:08]} 17. Be3 {
[%clk 00:03:40]  [%emt 00:00:57]} 17... h5 {[%clk 00:03:12]  [%emt 00:00:05]}
18. Nd3 {[%clk 00:03:28]  [%emt 00:00:15]} 18... hxg4 {
[%clk 00:02:53]  [%emt 00:00:23]} 19. hxg4 {[%clk 00:03:21]  [%emt 00:00:09]}
19... Qb6 {[%clk 00:02:19]  [%emt 00:00:36]} 20. Qd2 {
[%clk 00:03:20]  [%emt 00:00:11]} 20... f6 {[%clk 00:01:57]  [%emt 00:00:18]}
21. Nf2 {[%clk 00:01:02]  [%emt 00:02:22]} 21... Bb4 {
[%clk 00:01:53]  [%emt 00:00:07]} 22. Qd1 {[%clk 00:00:23]  [%emt 00:00:43]}
22... Nxe5 {[%clk 00:01:52]  [%emt 00:00:08]} 23. Nd3 {
[%clk 00:00:20]  [%emt 00:00:10]} 23... Bxd3 {[%clk 00:01:40]  [%emt 00:00:07]}
24. Bxd3 {[%clk 00:00:18]  [%emt 00:00:07]} 24... Rc3 {
[%clk 00:01:37]  [%emt 00:00:05]} 0-1

[Event "VII Obert Internacional Alberic"]
[Site "Alberic, Spain"]
[Date "2019.06.29"]
[Round "3.3"]
[White "Diaz Velandia, Jose Manuel"]
[Black "Kovacevic, Slobodan"]
[Result "1-0"]
[WhiteElo "2372"]
[BlackElo "2243"]
[PlyCount "109"]
[EventDate "2019.??.??"]

1. e4 {[%clk 00:07:04]  [%emt 00:00:06]} 1... c5 {[%clk 00:07:05]} 2. Nf3 {
[%clk 00:07:05]  [%emt 00:00:15]} 2... e6 {[%clk 00:07:07]} 3. d4 {
[%clk 00:07:07]} 3... cxd4 {[%clk 00:07:09]} 4. Nxd4 {[%clk 00:07:08]} 4... a6
{[%clk 00:07:11]} 5. c4 {[%clk 00:07:09]} 5... Nf6 {
[%clk 00:07:13]  [%emt 00:00:04]} 6. Nc3 {[%clk 00:07:10]} 6... Qc7 {
[%clk 00:07:15]} 7. Nc2 {[%clk 00:06:59]  [%emt 00:00:11]} 7... b6 {
[%clk 00:07:15]  [%emt 00:00:04]} 8. Bd3 {[%clk 00:06:58]  [%emt 00:00:08]}
8... Bb7 {[%clk 00:07:17]} 9. O-O {[%clk 00:06:58]  [%emt 00:00:04]} 9... d6 {
[%clk 00:07:18]} 10. Be3 {[%clk 00:06:55]  [%emt 00:00:03]} 10... Nbd7 {
[%clk 00:07:19]} 11. f3 {[%clk 00:06:35]  [%emt 00:00:21]} 11... Rc8 {
[%clk 00:07:18]  [%emt 00:00:35]} 12. Qd2 {[%clk 00:06:29]  [%emt 00:00:04]}
12... Ne5 {[%clk 00:07:15]} 13. b3 {[%clk 00:06:26]} 13... b5 {
[%clk 00:07:10]  [%emt 00:00:03]} 14. Rfc1 {[%clk 00:06:05]  [%emt 00:00:24]}
14... bxc4 {[%clk 00:07:06]  [%emt 00:00:05]} 15. Bxc4 {[%clk 00:06:04]} 15...
Nxc4 {[%clk 00:07:06]  [%emt 00:00:08]} 16. bxc4 {[%clk 00:06:06]} 16... Qxc4 {
[%clk 00:06:51]  [%emt 00:00:13]} 17. Nd4 {[%clk 00:05:17]  [%emt 00:01:03]}
17... Qc7 {[%clk 00:06:31]  [%emt 00:00:09]} 18. Nd5 {
[%clk 00:04:58]  [%emt 00:01:02]} 18... Qd8 {[%clk 00:06:32]} 19. Rxc8 {
[%clk 00:04:26]} 19... Bxc8 {[%clk 00:06:25]  [%emt 00:00:12]} 20. Nc6 {
[%clk 00:03:11]  [%emt 00:01:18]} 20... Qd7 {[%clk 00:06:19]  [%emt 00:00:07]}
21. Nb6 {[%clk 00:03:11]  [%emt 00:00:04]} 21... Qc7 {
[%clk 00:05:12]  [%emt 00:01:07]} 22. Rc1 {[%clk 00:02:57]  [%emt 00:00:17]}
22... Bd7 {[%clk 00:04:58]  [%emt 00:00:17]} 23. Ne5 {
[%clk 00:02:38]  [%emt 00:00:23]} 23... Qb7 {[%clk 00:04:39]  [%emt 00:00:21]}
24. Nec4 {[%clk 00:02:18]  [%emt 00:00:28]} 24... Qb8 {
[%clk 00:03:56]  [%emt 00:00:48]} 25. g4 {[%clk 00:01:34]  [%emt 00:00:48]}
25... h6 {[%clk 00:03:54]} 26. h4 {[%clk 00:01:36]} 26... d5 {
[%clk 00:02:55]  [%emt 00:00:59]} 27. exd5 {[%clk 00:01:38]  [%emt 00:00:10]}
27... Qg3+ {[%clk 00:02:54]} 28. Qg2 {[%clk 00:01:41]} 28... Qxg2+ {
[%clk 00:02:19]  [%emt 00:00:54]} 29. Kxg2 {[%clk 00:01:43]} 29... Nxd5 {
[%clk 00:02:18]} 30. Nxd5 {[%clk 00:01:37]} 30... exd5 {[%clk 00:02:20]} 31.
Nb6 {[%clk 00:01:40]} 31... Be6 {[%clk 00:02:16]  [%emt 00:00:04]} 32. Bd4 {
[%clk 00:01:20]  [%emt 00:00:21]} 32... f6 {[%clk 00:02:05]  [%emt 00:00:32]}
33. Rc6 {[%clk 00:01:17]  [%emt 00:00:07]} 33... Kf7 {[%clk 00:01:55]} 34. Rc7+
{[%clk 00:01:19]} 34... Be7 {[%clk 00:01:36]  [%emt 00:00:18]} 35. f4 {
[%clk 00:01:13]  [%emt 00:00:12]} 35... g6 {[%clk 00:01:03]  [%emt 00:00:32]}
36. g5 {[%clk 00:00:54]  [%emt 00:00:22]} 36... hxg5 {
[%clk 00:00:47]  [%emt 00:00:19]} 37. hxg5 {[%clk 00:00:56]} 37... Ke8 {
[%clk 00:00:09]  [%emt 00:00:42]} 38. gxf6 {[%clk 00:00:52]  [%emt 00:00:28]}
38... Bd6 {[%clk 00:00:09]} 39. Rc6 {[%clk 00:00:41]  [%emt 00:00:06]} 39...
Bh3+ {[%clk 00:00:11]} 40. Kg3 {[%clk 00:00:40]} 40... Bb4 {[%clk 00:00:11]}
41. f7+ {[%clk 00:00:41]} 41... Kxf7 {[%clk 00:00:10]  [%emt 00:00:10]} 42.
Bxh8 a5 {[%emt 00:00:03]} 43. Kxh3 {[%clk 00:00:40]} 43... Ke7 {[%emt 00:00:03]
} 44. Be5 {[%emt 00:00:03]} 44... Kf7 {[%clk 00:00:09]} 45. Nxd5 {
[%clk 00:00:42]  [%emt 00:00:04]} 45... Bd2 {[%clk 00:00:11]} 46. Kg4 {
[%clk 00:00:43]  [%emt 00:00:03]} 46... Ke8 {[%clk 00:00:09]  [%emt 00:00:03]}
47. Rc7 {[%clk 00:00:45]  [%emt 00:00:04]} 47... Kd8 {[%clk 00:00:10]} 48. Bf6+
{[%clk 00:00:46]  [%emt 00:00:08]} 48... Ke8 {[%clk 00:00:11]} 49. Re7+ {
[%clk 00:00:47]  [%emt 00:00:05]} 49... Kf8 {[%clk 00:00:13]} 50. Nc7 {
[%clk 00:00:49]} 50... Bb4 {[%clk 00:00:13]} 51. Ne6+ {[%clk 00:00:50]} 51...
Kg8 {[%clk 00:00:15]} 52. Rg7+ {[%clk 00:00:50]  [%emt 00:00:05]} 52... Kh8 {
[%clk 00:00:18]} 53. Rxg6+ {[%clk 00:00:49]  [%emt 00:00:04]} 53... Kh7 {
[%clk 00:00:19]  [%emt 00:00:07]} 54. Kh5 {[%clk 00:00:41]  [%emt 00:00:05]}
54... Bc5 {[%clk 00:00:17]  [%emt 00:00:06]} 55. Ng5# {
[%clk 00:00:41]  [%emt 00:00:04]} 1-0